000 00348nam a22001337a 4500
020 _a9781847327185
040 _cNUST
082 _a646.724 WOR
100 _aWorthington, Charles
_9110087
245 _aThe Complete Book of Hairstyling
260 _aLONDON:
_bCARLTON BOOKS,
_c2001.
650 _aHair--Care and Hygiene
_9110088
942 _2ddc
_cBK
999 _c593612
_d593612